|
|
|
|
| LEADER |
00774nta a2200193 i 4500 |
| 001 |
dipl130617 |
| 005 |
20221013082729.0 |
| 008 |
221012s2011 hu om 0|| hun d |
| 040 |
|
|
|a SZTE Diploma Repozitórium
|b hun
|
| 041 |
|
|
|a hun
|
| 100 |
2 |
|
|a Ádámné Székely Andrea Viktória
|
| 245 |
1 |
0 |
|a Klímapolitika környezetjogi aktualitásai
|h [elektronikus dokumentum] /
|c Andrea Viktória Ádámné Székely
|
| 246 |
1 |
0 |
|a Actualities of Climate Policy with regard to Environmental Law
|h [elektronikus dokumentum]
|
| 260 |
|
|
|c 2011
|
| 650 |
|
4 |
|a Jogi és igazgatási tanulmányok
|
| 650 |
|
4 |
|a Social sciences
|
| 650 |
|
4 |
|a Law
|
| 700 |
1 |
|
|a Miklós László
|e ths
|
| 856 |
4 |
0 |
|u https://diploma.bibl.u-szeged.hu/id/eprint/130617/1/2011_adamne_szekely_andrea_viktoria.pdf
|z Dokumentum-elérés
|